| 000 | 01565nam a2200361 i 4500 | ||
|---|---|---|---|
| 001 | ebr11014264 | ||
| 003 | CaPaEBR | ||
| 006 | m o d | ||
| 007 | cr cn||||||||| | ||
| 008 | 150211s2014 enk ob 001 0 eng|d | ||
| 020 | _a9780857725219 (e-book) | ||
| 040 |
_aCaPaEBR _beng _erda _epn _cCaPaEBR |
||
| 035 | _a(OCoLC)903974899 | ||
| 050 | 1 | 4 |
_aJQ1850.A91 _bD46 2014eb |
| 245 | 0 | 0 |
_aDemocracy and reform in the Middle East and Asia : _bsocial protest and authoritarian rule after the Arab Spring / _cedited by Amin Saikal and Amitav Acharya. |
| 264 | 1 |
_aLondon : _bI.B. Tauris, _c2014. |
|
| 300 | _a1 online resource (281 pages). | ||
| 336 |
_atext _2rdacontent |
||
| 337 |
_acomputer _2rdamedia |
||
| 338 |
_aonline resource _2rdacarrier |
||
| 490 | 1 |
_aLibrary of international relations ; _v72 |
|
| 504 | _aIncludes bibliographical references and index. | ||
| 588 | _aDescription based on online resource; title from PDF title page (ebrary, viewed February 11, 2015). | ||
| 590 | _aElectronic reproduction. Palo Alto, Calif. : ebrary, 2015. Available via World Wide Web. Access may be limited to ebrary affiliated libraries. | ||
| 650 | 0 | _aArab Spring, 2010- | |
| 650 | 0 |
_aDemocracy _zArab countries. |
|
| 655 | 0 | _aElectronic books. | |
| 700 | 1 |
_aSaikal, Amin, _eeditor. |
|
| 700 | 1 |
_aAcharya, Amitav, _eeditor. |
|
| 797 | 2 | _aebrary. | |
| 830 | 0 |
_aLibrary of international relations (Series) ; _v72. |
|
| 856 | 4 | 0 |
_uhttp://site.ebrary.com/lib/rucke/Doc?id=11014264 _zAn electronic book accessible through the World Wide Web; click to view |
| 999 |
_c141951 _d141951 |
||